00901nam a2200229 a 450000100100000000500170001000800410002704000250006804100390009308200180013210000210015024000510017124500740022226001030029630000280039949000400042753400650046765000210053265000510055370000270060483000400063100002385420200930022522.0110114s1970 mx a 000 0 spa d aDO-SdBNPbspacBNPHU17aspaheng2Código de idiomas MARC a338.91bH383s1 aHaveman, Robert.14aThe economics of the public sector.lEspañol13aEl sector público /cRobert Haveman ; traducción Alicia Calabuig. aMéxico :bCentro Regional de Ayuda Técnica. Agencia para el Desarrollo Internacional ;,c1970. a264 p. :bil. ;c19 cm.1 aBiblioteca de economía política a[Título en inglés] :tThe economics of the public sector 4aSector público 4aPolítica de gastos públicozEstados Unidos1 aCalabuig, Alicia,etr. 0aBiblioteca de economía política